|
|
|
|
| LEADER |
00000nam a2200000Ii 4500 |
| 001 |
DIGEDUV0140 |
| 003 |
NyNyDIG0 |
| 006 |
m o d |
| 007 |
cr ||||||||||| |
| 008 |
220226s2012 ag ob 000 0 spa d |
| 035 |
|
|
|a (OCoLC)992091643
|
| 040 |
|
|
|a DGITA
|b eng
|e rda
|e pn
|c DGITA
|
| 020 |
|
|
|a 9789871868285
|q eBook
|q ePub
|
| 020 |
|
|
|z 9789871727025
|
| 050 |
1 |
4 |
|a LB2325 ebook
|
| 082 |
0 |
4 |
|a 378
|
| 245 |
0 |
0 |
|a Educacion superior :
|b tensiones y debates en torno a una transformación necesaria /
|c compiladores, Daniel Ezcurra, Ariel Saegh, Fernando Comparato.
|
| 264 |
|
1 |
|a Villa María, Córdoba :
|b Eduvim,
|c [2012]
|
| 300 |
|
|
|a 1 online resource.
|
| 336 |
|
|
|a text
|2 rdacontent
|
| 337 |
|
|
|a computer
|b c
|2 rdamedia
|
| 338 |
|
|
|a online resource
|b cr
|2 rdacarrier
|
| 347 |
|
|
|a text file
|2 rdaft
|
| 347 |
|
|
|b EPUB
|
| 490 |
1 |
|
|a Colección Debates
|
| 504 |
|
|
|a Includes bibliographical references.
|
| 588 |
0 |
|
|a Online resource; title from ePub title page (Digitalia, viewed February 27, 2022)
|
| 650 |
|
0 |
|a Education, Higher.
|
| 655 |
|
0 |
|a Electronic books.
|
| 700 |
1 |
|
|a Ezcurra, Daniel,
|e compiler.
|
| 700 |
1 |
|
|a Saegh, Ariel,
|e compiler.
|
| 700 |
1 |
|
|a Comparato, Fernando,
|e compiler.
|
| 776 |
0 |
8 |
|i Print version:
|t Educacion superior.
|d Villa María, Córdoba : Eduvim, [2012]
|z 9789871727025
|
| 791 |
2 |
|
|a Digitalia (Firm),
|e distributor.
|
| 793 |
0 |
|
|g Digitalia eBook Collection:
|a Ediciones Eduvim
|
| 830 |
|
0 |
|a Colección Debates (Universidad Nacional de Villa María)
|
| 856 |
4 |
0 |
|3 Digitalia Hispánica
|u https://www.digitaliapublishing.com/a/14461/
|
| 910 |
|
|
|a Premium Collection: 2022
|